00393nam a22001457a 4500003000400000005001700004008004100021040000800062050001000070082001000080100002300090245008300113260004100196300001000237OSt20250131101526.0250131b |||||||| |||| 00| 0 eng d cDLC aP322T aP322T a Patton, Chenijan aTribal Theology Revisiting Empire, Culture, and Ethnicity/cby Chenijan Patton aBangalore:bOmega Book World,c2024. a147p.